| 000 | 00597nam a2200181Ia 4500 | ||
|---|---|---|---|
| 003 | GCL | ||
| 008 | 140319s9999 xx 000 0 ara d | ||
| 040 |
_aGCL / _cGCL |
||
| 082 | 0 | 4 |
_a347.01 _bح ص |
| 100 | 1 | _aحامد الشريف | |
| 245 | 1 | 0 |
_aالصيغ الجنائية الطعون والطلبات والاعلان / _cحامد الشريف |
| 260 |
_a[S.N] : _bدار المطبوعات الجامعية ، _c1994 |
||
| 490 | _a | ||
| 650 | 0 | 4 | _aالقانون الجنائى |
| 650 | 0 | 4 | _aالقانون |
| 650 | 0 | 4 | _aقانون الاجراءات الجنائية |
| 942 |
_2ddc _cBK |
||
| 999 |
_c54292 _d54292 |
||